Créatures mythiques ou légendaires - Statistiques

Statistiques générales
  • Ce quiz a été pris 281 fois
  • Le résultat moyen est 20 sur 26
Statistiques - réponses
Description Créature % Correct
Homme doté d'un seul oeil au milieu du visage Cyclope
98%
Cheval doté d'une corne Licorne
97%
Personne qui se transforme les nuits de pleine lune Loup-Garou
96%
Gros monsieur qui apporte des cadeaux le 25 décembre Père Nöël
96%
Femme ailées (ou à queue de poisson) à la voix ensorcelante Sirène
96%
Magicienne souvent malveillante qui se déplace sur un balais Sorcière
96%
Oiseau qui renaît de ses cendres Phoenix
95%
Mort invisible qui hante les maisons Fantôme
94%
Homme immortel qui se nourrit du sang des mortels Vampire
94%
Gros lézard ailé qui crache du feu Dragon
93%
Etre mi-homme mi-cheval Centaure
91%
Chien à trois tête qui garde l'enfer Cerbère
91%
Créature qui pétrifie quiconque croise son regard Gorgone
88%
Animal mi-lion mi-aigle (cf le nom d'une maison de Poudlard) Griffon
88%
Cheval ailé capturé par Bellérophon Pégase
83%
Monstre qui vit dans les eaux d'un certain lac écossais Monstre du Loch Ness
82%
Animal ou homme poilu qui vit dans les montagnes Yéti
79%
Serpent dont la tête coupée repousse en trois exemplaires Hydre
70%
Personnage qui dévore les petits enfants Ogre
68%
Vieux lutin irlandais à la barbe rousse et au chapeau vert Leprechaun
60%
Vierge guerrière au service d'Odin (a inspiré Wagner) Valkyrie
60%
Divinité de la dévastation oiseau à tête de femme (ou femme acariâtre) Harpie
48%
Amphibien qui vit dans le feu, symbole du feu Salamandre
47%
Géant très fort de la mythologie nordique (ami de Lanfeust) Troll
36%
Petite créature humanoïde qui vit dans et représente la terre Gnome
30%
Monstre biblique puis Hobbesien du chaos Léviathan
18%
Aucun quiz correspondant
Distribution des résultats
% des personnes avec chaque résultat
Percentile par nombre de réponses
Votre historique - résultats
Vous n’avez pas pris ce quiz